| 000 | 00685nam a2200229 a 4500 | ||
|---|---|---|---|
| 001 | 16052 | ||
| 005 | 20180713204857.0 | ||
| 008 | 140415s1991 mx 000 0 spa d | ||
| 020 | _a9682306728 | ||
| 041 | _aspa | ||
| 082 | 0 |
_a149.7 _bBAC |
|
| 100 | 1 | _aBachelard, Gaston | |
| 245 | 1 | 0 |
_aEl compromiso racionalista. / _cGaston Bachelard, traducción de Hugo Beccacece. |
| 250 | _a6a ed. | ||
| 260 |
_aMéxico : _bSiglo veintiuno editores, _c1991. |
||
| 300 |
_a179 páginas ; _c21 cm. |
||
| 336 |
_atexto _2rdacontent |
||
| 337 |
_asin mediación _2rdamedia |
||
| 338 |
_avolumen _2rdacarrier |
||
| 650 | 4 | _aRacionalismo | |
| 700 | 1 |
_aBeccacece, Hugo _etraductor |
|
| 999 |
_c16052 _d16052 |
||